header

Beyond the multiplex (Record no. 106056)

MARC details
000 -LEADER
fixed length control field 01521nam a2200361Ia 4500
001 - CONTROL NUMBER
control field ebr10114316
003 - CONTROL NUMBER IDENTIFIER
control field CaPaEBR
006 - FIXED-LENGTH DATA ELEMENTS--ADDITIONAL MATERIAL CHARACTERISTICS--GENERAL INFORMATION
fixed length control field m u
007 - PHYSICAL DESCRIPTION FIXED FIELD--GENERAL INFORMATION
fixed length control field cr cn|||||||||
008 - FIXED-LENGTH DATA ELEMENTS--GENERAL INFORMATION
fixed length control field 050308s2006 cau sb s001 0 eng d
010 ## - LIBRARY OF CONGRESS CONTROL NUMBER
Canceled/invalid LC control number 2005005751
020 ## - INTERNATIONAL STANDARD BOOK NUMBER
International Standard Book Number 9780520939073
Cancelled/invalid ISBN 0520223152 (cloth : alk. paper)
Cancelled/invalid ISBN 0520245865 (pbk. : alk. paper)
040 ## - CATALOGING SOURCE
Original cataloging agency CaPaEBR
Transcribing agency CaPaEBR
035 ## - SYSTEM CONTROL NUMBER
System control number (OCoLC)64549389
050 14 - LIBRARY OF CONGRESS CALL NUMBER
Classification number PN1992.6
Item number .K55 2006eb
082 04 - DEWEY DECIMAL CLASSIFICATION NUMBER
Classification number 302.23/45
Edition number 22
100 1# - MAIN ENTRY--PERSONAL NAME
Personal name Klinger, Barbara,
Dates associated with a name 1951-
245 10 - TITLE STATEMENT
Title Beyond the multiplex
Medium [electronic resource] :
Remainder of title cinema, new technologies, and the home /
Statement of responsibility, etc Barbara Klinger.
260 ## - PUBLICATION, DISTRIBUTION, ETC. (IMPRINT)
Place of publication, distribution, etc Berkeley :
Name of publisher, distributor, etc University of California Press,
Date of publication, distribution, etc c2006.
300 ## - PHYSICAL DESCRIPTION
Extent xii, 310 p.
504 ## - BIBLIOGRAPHY, ETC. NOTE
Bibliography, etc Includes bibliographical references and index.
505 0# - FORMATTED CONTENTS NOTE
Formatted contents note The new media aristocrats -- The contemporary cinephile -- Remembrance of films past -- Once is not enough -- To infinity and beyond.
533 ## - REPRODUCTION NOTE
Type of reproduction Electronic reproduction.
Place of reproduction Palo Alto, Calif. :
Agency responsible for reproduction ebrary,
Date of reproduction 2009.
Note about reproduction Available via World Wide Web.
-- Access may be limited to ebrary affiliated libraries.
650 #0 - SUBJECT ADDED ENTRY--TOPICAL TERM
Topical term or geographic name as entry element Home theaters.
Topical term or geographic name as entry element Motion pictures and television.
Topical term or geographic name as entry element Television
General subdivision Social aspects.
Topical term or geographic name as entry element Television
General subdivision Technological innovations.
655 #7 - INDEX TERM--GENRE/FORM
Genre/form data or focus term Electronic books.
Source of term local
710 2# - ADDED ENTRY--CORPORATE NAME
Corporate name or jurisdiction name as entry element ebrary, Inc.
856 40 - ELECTRONIC LOCATION AND ACCESS
Uniform Resource Identifier <a href="http://site.ebrary.com/lib/rucke/Doc?id=10114316">http://site.ebrary.com/lib/rucke/Doc?id=10114316</a>
Public note An electronic book accessible through the World Wide Web; click to view

No items available.

© 2026 Rongo University
Contact us: librarian | system librarian | Rongo university